| 000 | 08214cam a22010574i 4500 | ||
|---|---|---|---|
| 001 | u27201 | ||
| 003 | PE-LiUPU | ||
| 005 | 20250731173139.0 | ||
| 008 | 150623s2002 ag a r 000 0 spa d | ||
| 020 | _a950573915X | ||
| 035 | _a(Sirsi) i9789505739158 | ||
| 040 |
_aPE-LiUPU _bspa _cPE-LiUPU _erda |
||
| 041 | 1 |
_aspa _heng |
|
| 049 | _aPRUA | ||
| 050 |
_aBX6147 _b.M41 |
||
| 082 | 0 | 4 |
_a286.7325 _bMM _221 |
| 082 | 0 | 4 | _aW286.7325 MM 2002 |
| 100 | 1 |
_aWhite, Elena G. de, _eautor. |
|
| 245 | 1 | 3 |
_aEl ministerio médico / _cElena G. de White. |
| 264 | 1 |
_aBuenos Aires, Argentina : _bAsociación Casa Editora Sudamericana, _c2002. |
|
| 300 |
_a470 páginas ; _c18 centímetros |
||
| 336 |
_atext _2rdacontent |
||
| 337 |
_aunmediated _2rdamedia |
||
| 338 |
_avolume _2rdacarrier |
||
| 505 | 0 | _aEl poder de curación y su fuente -- El plan divino en la obra médica misionera -- El médico cristiano y su labor -- Nuestra facultad de medicina -- Una advertencia contra la sofistería espiritista -- Sistemas de cura mental verdaderos y falsos -- Honorarios y sueldos. Concejos y amonestaciones -- La administración de los sanatorios -- Oportunidades para el ministerio en los hospitales y los sanatorios -- La familia del sanatorio -- Prevención de enfermedades y su tratamiento por métodos racionales -- La obra médica misionera y el ministerio de evangelio -- Enseñanza de los principios de salud -- El régimen alimentario y la salud -- La salud del obrero -- Obra médica misionera en grandes ciudades -- La extensión de la obra. | |
| 526 | _aSEG42 | ||
| 526 | _aSEG41 | ||
| 526 | _aSEG40 | ||
| 526 | _aSEG39 | ||
| 526 | _aP94 | ||
| 526 | _aP87 | ||
| 526 | _aP86 | ||
| 526 | _aP85 | ||
| 526 | _aP77 | ||
| 526 | _aP76 | ||
| 526 | _aP35 | ||
| 534 | _aTítulo original :tMedical Ministry | ||
| 541 | _g0800-00000010; | ||
| 596 | _a1 2 3 4 | ||
| 650 | 0 | 4 | _aCristianismo y medicina. |
| 650 | 0 | 4 | _aMinisterio médico. |
| 856 | 4 | 2 | _uhttps://media2.egwwritings.org/swf/es_MM(MM)/index.html |
| 856 | 4 | 2 | _uhttps://media2.egwwritings.org/swf/es_MM(MM)/index.html |
| 856 | 4 | 2 | _uhttps://media2.egwwritings.org/swf/es_MM(MM)/index.html |
| 856 | 4 | 2 | _uhttps://media2.egwwritings.org/swf/es_MM(MM)/index.html |
| 856 | 4 | 2 | _uhttps://media2.egwwritings.org/swf/es_MM(MM)/index.html |
| 856 | 4 | 2 | _uhttps://media2.egwwritings.org/swf/es_MM(MM)/index.html |
| 856 | 4 | 2 | _uhttps://media2.egwwritings.org/swf/es_MM(MM)/index.html |
| 856 | 4 | 2 | _uhttps://media2.egwwritings.org/swf/es_MM(MM)/index.html |
| 942 |
_2ddc _cBOOK |
||
| 994 |
_aC0 _bPEPRU |
||
| 949 |
_a286.7325 MM 2002 _wDEWEY _c1 _iCW52484 _lCIAE1 _mBWL _p10.00 _r1 _sY _tBOOK _u2015-6-24 _xWHITE _zUNKNOWN _0COMPRA _o.STAFF. Centro White |
||
| 949 |
_a286.7325 MM 2002 _wDEWEY _c2 _iCW59475 _lCCODEBUL1 _mBWL _p10.00 _r1 _sY _tBOOK _u2017-10-30 _xWHITE _zUNKNOWN _0COMPRA _o.STAFF. Centro White |
||
| 949 |
_a286.7325 MM _wDEWEY _c1 _i52483 _d2018-5-9 _f2018-2-7 _g2 _lCCODEBUL1 _mBUL _p10.00 _q1 _r0 _sY _tBOOK _u2015-6-24 _xTEOLOGIA _PP35 _0COMPRA _o.STAFF. Colección General |
||
| 949 |
_a286.7325 MM _wDEWEY _c10 _i72134 _d2016-5-3 _e2016-5-3 _f2018-2-7 _g2 _lCCODEBUL1 _mBUL _n1 _p6.75 _r0 _sY _tBOOK _u2015-11-24 _xTEOLOGIA _PP35 _0COMPRA _o.STAFF. Colección Teología |
||
| 949 |
_a286.7325 MM _wDEWEY _c3 _i52485 _d2018-4-10 _e2017-2-9 _f2018-2-7 _g2 _lCCODEBUL1 _mBUL _n1 _p10.00 _q1 _r0 _sY _tBOOK _u2015-6-24 _xTEOLOGIA _PP35 _0COMPRA _o.STAFF. Colección Teología |
||
| 949 |
_a286.7325 MM _wDEWEY _c4 _i72128 _d2018-4-1 _e2018-3-28 _f2018-2-7 _g2 _lCCODEBUL1 _mBUL _n1 _p6.75 _r0 _sY _tBOOK _u2015-11-24 _xTEOLOGIA _zUNKNOWN _0COMPRA _o.STAFF. Colección General |
||
| 949 |
_a286.7325 MM _wDEWEY _c5 _i72129 _d2018-4-1 _e2018-3-28 _f2018-2-7 _g2 _lCCODEBUL1 _mBUL _n1 _p6.75 _r0 _sY _tBOOK _u2015-11-24 _xTEOLOGIA _zUNKNOWN _0COMPRA _o.STAFF. Colección General |
||
| 949 |
_a286.7325 MM _wDEWEY _c6 _i72130 _d2018-5-2 _e2018-4-29 _f2018-2-7 _g2 _lCCODEBUL1 _mBUL _n2 _p6.75 _r0 _sY _tBOOK _u2015-11-24 _xTEOLOGIA _zUNKNOWN _0COMPRA _o.STAFF. Colección General |
||
| 949 |
_a286.7325 MM _wDEWEY _c7 _i72131 _d2018-4-23 _e2018-4-19 _f2018-2-7 _g2 _lCCODEBUL1 _mBUL _n1 _p6.75 _r0 _sY _tBOOK _u2015-11-24 _xTEOLOGIA _zUNKNOWN _0COMPRA _o.STAFF. Colección General |
||
| 949 |
_a286.7325 MM _wDEWEY _c8 _i72132 _d2018-4-24 _e2018-4-22 _f2018-2-7 _g2 _lCCODEBUL1 _mBUL _n4 _p6.75 _r0 _sY _tBOOK _u2015-11-24 _xTEOLOGIA _PP35 _0COMPRA _o.STAFF. Colección Teología |
||
| 949 |
_a286.7325 MM _wDEWEY _c9 _i72133 _f2018-2-7 _g2 _lCCODEBUL1 _mBUL _p6.75 _r0 _sY _tBOOK _u2015-11-24 _xTEOLOGIA _zUNKNOWN _0COMPRA _o.STAFF. Colección General |
||
| 949 |
_aW286.7325 MM 2002 _wDEWEY _c1 _iFJ09584 _d2018-3-21 _e2018-3-19 _f2017-12-29 _g1 _lCCODEBUJ1 _mBUJ _n1 _p30.00 _r0 _sY _tBOOK _u2017-12-13 _xBIBLIOTECA _zUNKNOWN _0COMPRA _o.STAFF. Colección General Juliaca |
||
| 949 |
_aW286.7325 MM 2002 _wDEWEY _c1 _iFT02265 _d2018-5-30 _e2018-5-29 _lCCODEBUT1 _mBUT _n3 _p3.00 _r0 _sY _tBOOK _u2016-10-26 _xBIBLIOTECA _zUNKNOWN _0DONACION _o.STAFF. Colección General |
||
| 856 | 4 | 2 | _uhttps://media2.egwwritings.org/swf/es_MM(MM)/index.html |
| 856 | 4 | 2 | _uhttps://media2.egwwritings.org/swf/es_MM(MM)/index.html |
| 856 | 4 | 2 | _uhttps://media2.egwwritings.org/swf/es_MM(MM)/index.html |
| 856 | 4 | 2 | _uhttps://media2.egwwritings.org/swf/es_MM(MM)/index.html |
| 856 | 4 | 2 | _uhttps://media2.egwwritings.org/swf/es_MM(MM)/index.html |
| 856 | 4 | 2 | _uhttps://media2.egwwritings.org/swf/es_MM(MM)/index.html |
| 856 | 4 | 2 | _uhttps://media2.egwwritings.org/swf/es_MM(MM)/index.html |
| 856 | 4 | 2 | _uhttps://media2.egwwritings.org/swf/es_MM(MM)/index.html |
| 999 |
_a286.7325 MM _wDEWEY _c34317 _i52483 _d34317 _f2021-11-11 _g5 _lCCODEBUL1 _mBUL _p10.00 _q4 _r0 _sY _tBOOK _u2015-6-24 _xTEOLOGIA _PP35 _0COMPRA _o.STAFF. Colección General |
||
| 999 |
_a286.7325 MM _wDEWEY _c3 _i52485 _d2019-7-15 _e2017-2-9 _f2019-12-11 _g4 _lDISCARD _mBUL _n1 _p10.00 _q2 _r0 _sY _tBOOK _u2015-6-24 _xTEOLOGIA _PP35 _0COMPRA _o.STAFF. Colección Teología |
||
| 999 |
_a286.7325 MM _wDEWEY _c4 _i72128 _d2022-6-12 _e2022-5-17 _f2021-11-11 _g5 _lCCODEBUL1 _mBUL _n2 _p6.75 _q1 _r0 _sY _tBOOK _u2015-11-24 _xTEOLOGIA _zUNKNOWN _0COMPRA _o.STAFF. Colección General |
||
| 999 |
_a286.7325 MM _wDEWEY _c5 _i72129 _d2018-4-1 _e2018-3-28 _f2021-11-11 _g5 _lCCODEBUL1 _mBUL _n1 _p6.75 _r0 _sY _tBOOK _u2015-11-24 _xTEOLOGIA _zUNKNOWN _0COMPRA _o.STAFF. Colección General |
||
| 999 |
_a286.7325 MM _wDEWEY _c6 _i72130 _d2022-7-19 _e2018-4-29 _f2021-11-11 _g5 _lCCODEBUL1 _mBUL _n2 _p6.75 _q1 _r0 _sY _tBOOK _u2015-11-24 _xTEOLOGIA _zUNKNOWN _0COMPRA _o.STAFF. Colección General |
||
| 999 |
_a286.7325 MM _wDEWEY _c7 _i72131 _d2019-11-27 _e2018-4-19 _f2021-11-11 _g5 _lCCODEBUL1 _mBUL _n1 _p6.75 _q1 _r0 _sY _tBOOK _u2015-11-24 _xTEOLOGIA _zUNKNOWN _0COMPRA _o.STAFF. Colección General |
||
| 999 |
_a286.7325 MM _wDEWEY _c8 _i72132 _d2018-12-19 _e2018-12-13 _f2021-11-11 _g5 _lCCODEBUL1 _mBUL _n5 _p6.75 _q4 _r0 _sY _tBOOK _u2015-11-24 _xTEOLOGIA _PP35 _0COMPRA _o.STAFF. Colección Teología |
||
| 999 |
_a286.7325 MM _wDEWEY _c9 _i72133 _f2021-11-11 _g5 _lCCODEBUL1 _mBUL _p6.75 _r0 _sY _tBOOK _u2015-11-24 _xTEOLOGIA _zUNKNOWN _0COMPRA _o.STAFF. Colección General |
||
| 999 |
_a286.7325 MM _wDEWEY _c10 _i72134 _d2016-5-3 _e2016-5-3 _f2021-11-11 _g5 _lCCODEBUL1 _mBUL _n1 _p6.75 _r0 _sY _tBOOK _u2015-11-24 _xTEOLOGIA _PP35 _0COMPRA _o.STAFF. Colección Teología |
||
| 999 |
_aW286.7325 MM 2002 _wDEWEY _c1 _iFT02265 _d2019-11-8 _e2019-11-8 _f2018-12-12 _g1 _lCCODEBUT1 _mBUT _n4 _p3.00 _r0 _sY _tBOOK _u2016-10-26 _xBIBLIOTECA _zUNKNOWN _0DONACION _o.STAFF. Colección General |
||
| 999 |
_a286.7325 MM 2002 _wDEWEY _c1 _iCW52484 _f2021-12-21 _g2 _lCCODECWL1 _mBWL _p10.00 _r1 _sY _tBOOK _u2015-6-24 _xWHITE _zUNKNOWN _0COMPRA _o.STAFF. Centro White |
||
| 999 |
_a286.7325 MM 2002 _wDEWEY _c2 _iCW59475 _f2021-12-21 _g2 _lCCODECWL1 _mBWL _p10.00 _r1 _sY _tBOOK _u2017-10-30 _xWHITE _zUNKNOWN _0COMPRA _o.STAFF. Centro White |
||
| 999 |
_aW286.7325 MM 2002 _wDEWEY _c1 _iFJ09584 _d2019-10-17 _e2018-3-19 _f2022-2-3 _g4 _lCCODEBUJ1 _mBUJ _n1 _p30.00 _q3 _r1 _sY _tBOOK _u2017-12-13 _xBIBLIOTECA _zUNKNOWN _0COMPRA _o.STAFF. Colección General Juliaca |
||
| 980 |
_81 _gALBERTO SANCHEZ Responsable de Automatización |
||